1935 1743 1267 1393 1726 1205 1084 1731 1180 1968 1745 1937 1723 1090 1375 1539 1708 1564 1943 1318 1749 1935 1581 1161 1174 1612 1471 1182 1440 1742 1400 1124 1564 1081 1646 1175 1923 1226 1774 1264 1516 1867 1425 1180 1322 1680 1204 1830 1493 1274 1311 1533 1558 1738 1147 1279 1879 1651 1195 1168 1754 1240 1652 1725 1981 1283 1448 1526 1575 1338 1265 1386 1764 1448 1867 1477 1465 1578 1786 1261 1302 1058 1360 1757 1848 1658 1712 1258 1080 1434 1323 1568 1627 1906 1449 1179 1712 1503 1823 BCNSPRNW ULIB Ver.6.0+V

เปลี่ยนเป็นภาษาไทย

Change to English
 แสดงรายละเอียดบรรณานุกรม
  กลับหน้าหลัก

Brief Record : Get Marc (ISO 2709) : E-mail record : QR code < ปิดหน้าต่าง
LEADER : 00000nam 2200000uu 4500
001    13399112383
003     ULIB
008    110627s2549||||th 000 0 tha d
020    9789749453514
090    นว.^bค725T 2549
100 0  เคท พริตตี้
245 00 หนุ่มกวนสาวแกร่งรักแรงคูณสอง/^cเคท พริตตี้
250    พิมพ์ครั้งที่ 1
260    กรุงเทพฯ :^bตะวันส่อง,^c2549
300    261 หน้า
710 1  ตะวันส่อง
945    ^p165^l0^i024670
995    ทศพร
999 ^a ใช้งานได้ทุกระบบ
รายการนี้ยังไม่มีแท็ก
คุณยังไม่ได้ล็อกอิน คุณสามารถมีกิจกรรมร่วมกับเว็บไซต์ได้ แต่ต้องล็อกอินก่อน ::
  ล็อกอิน

รายการสื่อสารสนเทศ

ลำดับที่ ประเภท เลขเรียก/บาร์โค้ด สถานที่ สถานะ
- ไม่พบข้อมูล -

BibComment


ยังไม่เคยถูกคอมเมนท์

คอมเมนท์ทรัพยากรรายการนี้
  คอมเมนท์: หนุ่มกวนสาวแกร่งร..


 Copyright 2026. Bcnsprnw @Library